[Event "Frankfurt Ch A 2018"]
[Site "Ffm-Höchst, BiKuZ"]
[Date "2018.05.07"]
[Round "2.9"]
[White "Sandten, Ulrich"]
[Black "Stock, Jürgen"]
[Result "1-0"]
[WhiteElo "2074"]
[BlackElo "1877"]
[PlyCount "49"]
[EventDate "2018.??.??"]
[WhiteTeam "VSG Offenbach"]
[BlackTeam "Sfr. Kelkheim"]

1. d4 e6 2. Nf3 d5 3. e3 Bd6 4. Be2 Nd7 5. O-O f5 6. b3 Qe7 7. c4 c6 8. Bb2
Ngf6 9. Qc1 O-O 10. Ba3 Ne4 11. Bxd6 Qxd6 12. Nbd2 b6 13. Qb2 a5 14. a3 Ba6 15.
b4 axb4 16. axb4 c5 17. Rfb1 f4 18. cxd5 Nxd2 19. Qxd2 fxe3 20. Qxe3 cxd4 21.
Nxd4 Bxe2 22. Rxa8 Rxa8 23. dxe6 Qxb4 24. Qe4 Nf8 25. Rxb4 1-0

[Event "Frankfurt Ch A 2018"]
[Site "Ffm-Höchst, BiKuZ"]
[Date "2018.05.07"]
[Round "2.11"]
[White "Benninger, Rudolf"]
[Black "Rondonuwu, Grover"]
[Result "1-0"]
[WhiteElo "1895"]
[BlackElo "2036"]
[PlyCount "85"]
[EventDate "2018.??.??"]
[WhiteTeam "SC Heusenstamm"]
[BlackTeam "Frankfurter TV"]

1. e4 c5 2. c3 Nf6 3. e5 Nd5 4. d4 cxd4 5. cxd4 e6 6. Nc3 Nxc3 7. bxc3 d6 8. f4
Nc6 9. Nf3 Bd7 10. Bd3 d5 11. O-O g6 12. Rb1 Rb8 13. Qe2 Qc7 14. Bd2 Na5 15.
Be1 Be7 16. Nd2 h5 17. Rf3 Kf8 18. c4 dxc4 19. Nxc4 Nxc4 20. Bxc4 Bc6 21. Rc3
Qd7 22. Bf2 Kg7 23. d5 exd5 24. Rd1 Qe6 25. Bb3 Bb4 26. Rf3 h4 27. f5 gxf5 28.
Bc2 Qe7 29. Rxf5 Rh6 30. Rf1 Rf8 31. Bd4 Bc5 32. Qe3 Bxd4 33. Qxd4 b6 34. Rf6
Bd7 35. Qf4 Rh5 36. Bd1 Rh7 37. Kh1 Be6 38. Bg4 Bxg4 39. Qxg4+ Kh8 40. e6 Qb7
41. Qd4 Kg8 42. Qe5 Rg7 43. exf7+ 1-0

[Event "Frankfurt Ch A 2018"]
[Site "Ffm-Höchst, BiKuZ"]
[Date "2018.05.07"]
[Round "2.12"]
[White "Schmidt, Markus"]
[Black "Ottenburg, Ralph"]
[Result "1/2-1/2"]
[WhiteElo "2034"]
[BlackElo "1859"]
[PlyCount "86"]
[EventDate "2018.??.??"]
[WhiteTeam "SK Turm Bad Hersfeld"]
[BlackTeam "SF Frankfurt"]

1. c4 Nf6 2. g3 g6 3. Bg2 Bg7 4. Nc3 O-O 5. Nf3 d6 6. O-O Nc6 7. d4 a6 8. Bf4
Rb8 9. Rc1 h6 10. h3 g5 11. Be3 g4 12. hxg4 Nxg4 13. Qd2 Nxe3 14. Qxe3 e5 15.
dxe5 Nxe5 16. Nxe5 dxe5 17. Rfd1 Qg5 18. Qxg5 hxg5 19. c5 Bg4 20. Kf1 Be6 21.
Bd5 Bh3+ 22. Kg1 c6 23. Bc4 Bf5 24. e4 Bg4 25. Be2 Bxe2 26. Nxe2 Rfd8 27. g4
Kf8 28. Kf1 Ke8 29. Ng3 Bf8 30. b4 a5 31. a3 axb4 32. axb4 b6 33. Rxd8+ Kxd8
34. cxb6 Rxb6 35. Nf5 Bxb4 36. Rb1 Bc5 37. Rxb6 Bxb6 38. Nd6 f6 39. Ke2 Kd7 40.
Nf5 Bc5 41. f3 Bd4 42. Kd3 c5 43. Kc4 Ke6 1/2-1/2

[Event "Frankfurt Ch A 2018"]
[Site "Ffm-Höchst, BiKuZ"]
[Date "2018.05.07"]
[Round "2.13"]
[White "Gräbner, Walter"]
[Black "Calvi, Stefan"]
[Result "0-1"]
[WhiteElo "1874"]
[BlackElo "2019"]
[PlyCount "72"]
[EventDate "2018.??.??"]
[WhiteTeam "SC Nied"]
[BlackTeam "SF Frankfurt"]

1. d4 Nf6 2. Nf3 g6 3. g3 Bg7 4. Bg2 O-O 5. O-O d6 6. d5 c5 7. c4 b5 8. cxb5 a6
9. b6 Nbd7 10. Nc3 Nxb6 11. e4 Bd7 12. e5 Ng4 13. exd6 exd6 14. Bf4 Nc4 15. Qe2
Nge5 16. Bxe5 Nxe5 17. Rfe1 Re8 18. Nxe5 Bxe5 19. Qd2 Rb8 20. Re2 Qb6 21. Rae1
Bg4 22. f3 Bd7 23. Kh1 Qb4 24. f4 Bg7 25. a3 Rxe2 26. Rxe2 Bxc3 27. bxc3 Qxa3
28. Be4 Bh3 29. f5 Qa1+ 30. Re1 Rb2 31. Qe3 Qa2 32. fxg6 hxg6 33. Bf3 Rxh2+ 34.
Kg1 Rg2+ 35. Kh1 Qf2 36. Qxf2 Rxf2 0-1

[Event "Frankfurt Ch A 2018"]
[Site "Ffm-Höchst, BiKuZ"]
[Date "2018.05.07"]
[Round "2.14"]
[White "Gutacker, Stephan"]
[Black "Bennedik, Martin"]
[Result "1-0"]
[WhiteElo "1854"]
[BlackElo "2006"]
[PlyCount "110"]
[EventDate "2018.??.??"]
[WhiteTeam "Sfr. Kelkheim"]
[BlackTeam "SV Frankfurt Nord"]

1. e4 e5 2. Nf3 Nc6 3. d4 exd4 4. Nxd4 Nf6 5. Nc3 Bb4 6. Nxc6 bxc6 7. Bd3 d5 8.
exd5 cxd5 9. O-O O-O 10. Bg5 c6 11. Qf3 Bd6 12. Bxf6 Qxf6 13. Qxf6 gxf6 14. Ne2
Rb8 15. b3 Be6 16. f4 c5 17. Ng3 c4 18. Be2 f5 19. Nh5 Rfd8 20. Rf3 Rbc8 21. c3
Bc5+ 22. Kf1 cxb3 23. axb3 Rb8 24. b4 Bb6 25. Ba6 Kf8 26. Rg3 Ke7 27. Re1 Kd7
28. Rd1 Ke7 29. Re1 Rg8 30. Rd3 Rbd8 31. Ng3 Kf6 32. Ne2 Rg4 33. g3 h5 34. Nd4
h4 35. Kf2 Rdg8 36. Rg1 Bc8 37. Bxc8 Rxc8 38. Kf3 hxg3 39. hxg3 Bxd4 40. cxd4
Rb8 41. Ra1 Rxb4 42. Rxa7 Rg8 43. Ra6+ Kg7 44. Rd6 Rb5 45. g4 fxg4+ 46. Kxg4
Re8 47. Kf5 Re4 48. Rd8 Re6 49. Rg3+ Rg6 50. Rxg6+ fxg6+ 51. Ke5 Kf7 52. Rxd5
Rb7 53. Rd6 Rb5+ 54. d5 Rb7 55. Rf6+ Kg7 1-0

[Event "Frankfurt Ch A 2018"]
[Site "Ffm-Höchst, BiKuZ"]
[Date "2018.05.07"]
[Round "2.15"]
[White "Nekhamkis, Genadi"]
[Black "Adair, Robin"]
[Result "1-0"]
[WhiteElo "1992"]
[BlackElo "1811"]
[PlyCount "79"]
[EventDate "2018.??.??"]
[WhiteTeam "SK Marburg"]
[BlackTeam "SC Nidderau"]

1. e4 g6 2. d4 Bg7 3. f4 c5 4. c3 Qc7 5. Nf3 d6 6. Be3 Bg4 7. Be2 Nd7 8. h3
Bxf3 9. Bxf3 e6 10. O-O Ne7 11. Na3 O-O 12. Rc1 a6 13. Nc2 Rad8 14. b4 f5 15.
e5 dxe5 16. bxc5 e4 17. Be2 Nxc5 18. Bd2 Nd7 19. Ne3 Nb6 20. Qb3 Nbd5 21. g3
Kh8 22. Rfd1 Nxe3 23. Bxe3 Nd5 24. Bf2 e3 25. Be1 Nxf4 26. gxf4 Qxf4 27. Qxb7
Rd5 28. c4 Qg5+ 29. Kh2 f4 30. cxd5 f3 31. Bxf3 Qf4+ 32. Bg3 Qxf3 33. Qxa6 e2
34. Re1 Bxd4 35. Qxe2 Bg1+ 36. Kxg1 Qxg3+ 37. Qg2 Qh4 38. dxe6 Qd4+ 39. Kh1 Rf2
40. e7 1-0

[Event "Frankfurt Ch A 2018"]
[Site "Ffm-Höchst, BiKuZ"]
[Date "2018.05.07"]
[Round "2.16"]
[White "Nagelsdiek, Ralf"]
[Black "Stärke, Karsten"]
[Result "1-0"]
[WhiteElo "1991"]
[BlackElo "1804"]
[PlyCount "117"]
[EventDate "2018.??.??"]
[WhiteTeam "SC Bad Soden"]
[BlackTeam "SC Matt im Park"]

1. c4 e5 2. Nc3 Nc6 3. g3 f5 4. e3 Nf6 5. Bg2 d5 6. Nxd5 Nxd5 7. cxd5 Nb4 8. d3
Nxd5 9. Nf3 Bd6 10. Qb3 c6 11. O-O Qb6 12. Qxb6 Nxb6 13. b3 O-O 14. Bb2 Re8 15.
Rfd1 f4 16. gxf4 exf4 17. e4 Bg4 18. Re1 Bb4 19. Rec1 Rad8 20. Ne5 Be2 21. Bf1
f3 22. Rc2 Bd6 23. Bxe2 Bxe5 24. Bxf3 Bxb2 25. Rxb2 Rxd3 26. Be2 Rd4 27. f3 Kf7
28. Kf2 g5 29. Rg1 Kf6 30. h4 h6 31. hxg5+ hxg5 32. Rc2 Rd7 33. Rc5 Rd2 34.
Rcxg5 Rxa2 35. Rg6+ Kf7 36. Rg7+ Kf8 37. Rg8+ Ke7 38. R1g7+ Kd8 39. Rxe8+ Kxe8
40. Rxb7 Rb2 41. Rxa7 Rxb3 42. Rc7 Rc3 43. Bb5 Kd8 44. Rxc6 Rxc6 45. Bxc6 Kc7
46. Bb5 Kd6 47. Kg3 Ke5 48. Bf1 Nd7 49. Bg2 Nf8 50. f4+ Kf6 51. Bh3 Kf7 52. Bf5
Ke7 53. Kh4 Kf7 54. Kh5 Ke7 55. e5 Ke8 56. Kh6 Kf7 57. Bg4 Ke8 58. Kg7 Ke7 59.
f5 1-0

[Event "Frankfurt Ch A 2018"]
[Site "Ffm-Höchst, BiKuZ"]
[Date "2018.05.07"]
[Round "2.17"]
[White "Varma, Christopher"]
[Black "Schreiner, Roland"]
[Result "1/2-1/2"]
[WhiteElo "1816"]
[BlackElo "1968"]
[PlyCount "73"]
[EventDate "2018.??.??"]
[WhiteTeam "SC Bad Nauheim"]
[BlackTeam "SC Heusenstamm"]

1. e4 d6 2. d4 Nf6 3. Nc3 g6 4. g3 Bg7 5. Bg2 O-O 6. Nge2 e5 7. O-O c6 8. a4 a5
9. h3 Na6 10. Be3 Qe7 11. Qd2 Nb4 12. Rad1 Be6 13. b3 Nd7 14. d5 cxd5 15. Nxd5
Bxd5 16. exd5 Rfc8 17. c3 Na6 18. Rfe1 f5 19. f4 e4 20. b4 axb4 21. cxb4 Rc4
22. Rb1 Rac8 23. Bf1 Qf6 24. Rec1 Rxc1 25. Rxc1 Rxc1 26. Qxc1 Qd8 27. Qc4 Qc7
28. Qb3 Nab8 29. Kf2 Kf7 30. Nd4 Nf8 31. Bc4 Bf6 32. b5 Qa5 33. Ke2 Nbd7 34.
Ne6 Ke7 35. Bd2 Qb6 36. a5 Qg1 37. Be3 1/2-1/2

[Event "Frankfurt Ch A 2018"]
[Site "Ffm-Höchst, BiKuZ"]
[Date "2018.05.07"]
[Round "2.18"]
[White "Menning, Uwe"]
[Black "Pfeffer, Marko"]
[Result "0-1"]
[WhiteElo "1810"]
[BlackElo "1967"]
[PlyCount "146"]
[EventDate "2018.??.??"]
[WhiteTeam "FC Bierstadt"]
[BlackTeam "SC Bergen-Enkheim"]

1. d4 e6 2. Nf3 f5 3. Ne5 Nc6 4. Nxc6 bxc6 5. g3 c5 6. Bg2 Rb8 7. d5 e5 8. c4
Nf6 9. Qc2 d6 10. Qa4+ Bd7 11. Qxa7 Be7 12. Qa3 O-O 13. Qc3 Qe8 14. b3 c6 15.
dxc6 Bxc6 16. Bxc6 Qxc6 17. O-O f4 18. gxf4 exf4 19. Qf3 Qxf3 20. exf3 Nd7 21.
Bb2 Bf6 22. Bxf6 Rxf6 23. Nd2 Ne5 24. Kh1 Rbf8 25. Rad1 Rh6 26. Rg1 Nc6 27. Rg5
Nd4 28. Kg2 Ra8 29. a4 Rb8 30. Re1 Kf7 31. a5 Rf6 32. Rd5 Nc2 33. Re4 Nb4 34.
Rg5 Ra8 35. Rg4 Nd3 36. Re2 Ne5 37. Rg5 h6 38. Rgxe5 dxe5 39. Rxe5 Rxa5 40. Ne4
Rb6 41. Rxc5 Rxc5 42. Nxc5 Ke7 43. Kf1 Kd6 44. Ne4+ Ke5 45. Nd2 Kd4 46. Ke2 Kc3
47. Ne4+ Kxb3 48. Kd3 Rb8 49. c5 Rd8+ 50. Nd6 Kb4 51. Kd4 Rd7 52. Kd5 Kc3 53.
c6 Re7 54. c7 Rxc7 55. Nb5+ Kd2 56. Nxc7 Ke2 57. Ke4 g5 58. Ne6 Kxf2 59. Nxf4
Kg1 60. h3 Kh2 61. Nh5 Kxh3 62. Kf5 Kh4 63. Nf6 h5 64. Ne4 g4 65. f4 g3 66. Ng5
g2 67. Nf3+ Kg3 68. Ke4 h4 69. f5 h3 70. f6 h2 71. Nxh2 g1=Q 72. Kf5 Kxh2 73.
f7 Qg7 0-1

[Event "Frankfurt Ch A 2018"]
[Site "Ffm-Höchst, BiKuZ"]
[Date "2018.05.07"]
[Round "2.19"]
[White "Kuban, Günther"]
[Black "Tobon, Sebastian"]
[Result "1/2-1/2"]
[WhiteElo "1967"]
[BlackElo "1800"]
[PlyCount "143"]
[EventDate "2018.??.??"]
[WhiteTeam "SV Oberursel"]
[BlackTeam "SC Heusenstamm"]

1. f4 d5 2. Nf3 Nf6 3. g3 c6 4. Bg2 Bf5 5. O-O h6 6. c4 a6 7. Qb3 Ra7 8. Nc3 e6
9. Nh4 Bh7 10. d4 Be7 11. c5 O-O 12. a4 Ne4 13. Be3 Bxh4 14. gxh4 Nd7 15. Nxe4
dxe4 16. Bf2 Nf6 17. e3 Nd5 18. Kh1 Bf5 19. Rg1 Kh8 20. Qd1 Qc7 21. Qb1 Nf6 22.
h3 a5 23. h5 Qd7 24. Bh4 Nxh5 25. Bxe4 Bxe4+ 26. Qxe4 Qd5 27. Qg2 Qxg2+ 28.
Rxg2 g6 29. b4 axb4 30. Rb2 Kg7 31. Rxb4 Nf6 32. Bxf6+ Kxf6 33. Kg2 Ke7 34.
Rab1 Rb8 35. a5 Kd7 36. a6 Kc7 37. Rxb7+ Raxb7 38. Rxb7+ Rxb7 39. axb7 Kxb7 40.
h4 Ka6 41. Kf3 Kb5 42. Ke4 f6 43. Kd3 g5 44. hxg5 hxg5 45. fxg5 fxg5 46. e4 g4
47. Ke2 Kc4 48. Ke3 g3 49. d5 Kxc5 50. dxc6 Kxc6 51. Kf3 e5 52. Kxg3 Kc5 53.
Kg4 Kc4 54. Kg3 Kd3 55. Kf2 Kd4 56. Kf3 Kd3 57. Kf2 Kxe4 58. Ke2 Kf4 59. Kf2 e4
60. Ke2 Kg4 61. Ke3 Kf5 62. Ke2 Kf4 63. Kf2 e3+ 64. Ke2 Ke4 65. Ke1 Kd3 66. Kd1
Kd4 67. Ke2 Ke4 68. Ke1 Kd3 69. Kd1 Kc3 70. Ke2 Kd4 71. Ke1 Kd3 72. Kd1 1/2-1/2

[Event "Frankfurt Ch A 2018"]
[Site "Ffm-Höchst, BiKuZ"]
[Date "2018.05.07"]
[Round "2.20"]
[White "Krüger, Till"]
[Black "Thomele, Michael"]
[Result "1-0"]
[WhiteElo "1956"]
[BlackElo "1789"]
[PlyCount "65"]
[EventDate "2018.??.??"]
[WhiteTeam "SC Nidderau"]
[BlackTeam "SC Obernau"]

1. e4 c5 2. Nf3 d6 3. Bb5+ Bd7 4. Bxd7+ Qxd7 5. c4 Nf6 6. Nc3 Nc6 7. d4 cxd4 8.
Nxd4 g6 9. f3 Bg7 10. Be3 O-O 11. O-O Rfd8 12. Qd2 Rac8 13. b3 b6 14. Rad1 Qb7
15. Rfe1 Re8 16. Re2 Rcd8 17. Nxc6 Qxc6 18. Nd5 Qb7 19. Bg5 b5 20. Rc1 bxc4 21.
Rxc4 Nxd5 22. exd5 Bf6 23. h4 h5 24. Rce4 Rf8 25. g4 hxg4 26. Rxg4 Qd7 27. Reg2
Qf5 28. Bxf6 Qxf6 29. h5 Rc8 30. Qh6 Qa1+ 31. Kh2 Rc1 32. Rxg6+ fxg6 33. Qxg6+
1-0

[Event "Frankfurt Ch A 2018"]
[Site "Ffm-Höchst, BiKuZ"]
[Date "2018.05.07"]
[Round "2.21"]
[White "Müller, Pascal"]
[Black "Bagatsch, Thomas"]
[Result "0-1"]
[WhiteElo "1800"]
[BlackElo "1944"]
[PlyCount "66"]
[EventDate "2018.??.??"]
[WhiteTeam "Schachforum Darmstadt"]
[BlackTeam "SC Brett vorm Kopp"]

1. e4 e5 2. Nf3 Nc6 3. Bb5 a6 4. Ba4 d6 5. c3 Be7 6. d4 Bd7 7. O-O Nf6 8. Re1
O-O 9. Nbd2 b5 10. Bb3 Bg4 11. h3 Bh5 12. Qc2 exd4 13. Nxd4 Nxd4 14. cxd4 c5
15. e5 dxe5 16. dxe5 Ne8 17. Qe4 c4 18. Bd1 Bg6 19. Qg4 Nc7 20. Bf3 Rb8 21. Ne4
Ne6 22. Be3 Qc7 23. Qg3 Rfd8 24. Red1 b4 25. h4 c3 26. bxc3 bxc3 27. Rdc1 c2
28. h5 Bf5 29. Qh2 Ba3 30. Re1 Bb2 31. Rac1 Bxc1 32. Bxc1 Bxe4 33. Bxe4 Rd1 0-1

[Event "Frankfurt Ch A 2018"]
[Site "Ffm-Höchst, BiKuZ"]
[Date "2018.05.07"]
[Round "2.22"]
[White "Steudel, Max"]
[Black "Fröhlich-Dill, Astrid"]
[Result "1-0"]
[WhiteElo "1943"]
[BlackElo "1786"]
[PlyCount "101"]
[EventDate "2018.??.??"]
[WhiteTeam "SC Brett vorm Kopp"]
[BlackTeam "SV Hofheim"]

1. e4 g6 2. Nc3 Bg7 3. f4 d6 4. Nf3 Nc6 5. Bc4 e6 6. d3 Bd7 7. Bb3 Nd4 8. Nxd4
Bxd4 9. Qf3 c5 10. Be3 Qa5 11. O-O Ne7 12. Bxd4 cxd4 13. Ne2 Qc5 14. f5 gxf5
15. exf5 O-O-O 16. fxe6 fxe6 17. Qf6 d5 18. Qxd4 b6 19. Rf7 Nf5 20. Qxc5+ bxc5
21. c3 h5 22. Re1 Rdg8 23. Nf4 Nh6 24. Rf6 Ng4 25. Rg6 Rxg6 26. Nxg6 Rh6 27.
Ne5 Be8 28. d4 c4 29. Nxg4 hxg4 30. Bd1 Rg6 31. Kf2 Kd7 32. Kg3 Rg7 33. Bxg4
Bh5 34. h3 Bxg4 35. hxg4 Kd6 36. Re5 Rb7 37. Re2 Ke7 38. g5 Kf7 39. Kf4 Rb6 40.
g4 Kg6 41. a3 Kg7 42. Rh2 a5 43. Ke5 a4 44. Rh6 Rxb2 45. Rxe6 Rb3 46. Ra6 Rxa3
47. Kxd5 Rxc3 48. Rxa4 Rg3 49. Kxc4 Rxg4 50. Ra5 Kg6 51. Re5 1-0

[Event "Frankfurt Ch A 2018"]
[Site "Ffm-Höchst, BiKuZ"]
[Date "2018.05.07"]
[Round "2.23"]
[White "Bittner, Peter"]
[Black "Rutsatz, Mario"]
[Result "1/2-1/2"]
[WhiteElo "1798"]
[BlackElo "1941"]
[PlyCount "123"]
[EventDate "2018.??.??"]
[WhiteTeam "SC Nied"]
[BlackTeam "SF Frankfurt"]

1. d4 Nf6 2. Bf4 c5 3. c3 e6 4. e3 cxd4 5. exd4 Qb6 6. Qc1 d6 7. Be2 Be7 8. Nf3
O-O 9. Nbd2 Nd5 10. Bg3 Nc6 11. O-O Bd7 12. Ne4 Qc7 13. Nc5 Be8 14. Nd3 Rc8 15.
Nf4 Nxf4 16. Bxf4 Qb6 17. Be3 Qd8 18. Rd1 Nb4 19. Qb1 Nd5 20. Bd2 b5 21. Bd3 h6
22. a3 Bc6 23. Re1 Qd7 24. Qd1 Rfe8 25. Rc1 Qb7 26. Qe2 Bf8 27. h3 Rc7 28. Be4
Nf6 29. Bxc6 Qxc6 30. Nh2 Qd5 31. Qf3 Qxf3 32. Nxf3 Rec8 33. Bf4 Nd5 34. Bh2 a5
35. Nd2 Be7 36. Nb3 a4 37. Nd2 Bg5 38. Rcd1 Rc6 39. Ne4 Be7 40. g4 Nb6 41. Nd2
Nc4 42. Nxc4 Rxc4 43. f4 b4 44. axb4 a3 45. bxa3 Rxc3 46. f5 Rxh3 47. fxe6 fxe6
48. Rxe6 Rc2 49. Bf4 Kf7 50. Re3 Rxe3 51. Bxe3 Rc3 52. Bf2 Rxa3 53. Rb1 Bd8 54.
Kg2 Bb6 55. Rd1 Rb3 56. Be1 Kf6 57. Bh4+ Kg6 58. Be7 Rxb4 59. Bxd6 Rxd4 60.
Rxd4 Bxd4 61. Kg3 Kf6 62. Bf8 1/2-1/2

[Event "Frankfurt Ch A 2018"]
[Site "Ffm-Höchst, BiKuZ"]
[Date "2018.05.07"]
[Round "2.24"]
[White "Winand, Edgar"]
[Black "Minor, Samuel"]
[Result "0-1"]
[WhiteElo "1797"]
[BlackElo "2225"]
[PlyCount "50"]
[EventDate "2018.??.??"]
[WhiteTeam "SV Hofheim"]
[BlackTeam "Wiesbadener SV"]

1. g3 f5 2. Bg2 Nf6 3. d3 e5 4. c4 Nc6 5. Nc3 Bc5 6. e3 d6 7. Nge2 O-O 8. O-O
Qe8 9. d4 Bb6 10. Nd5 e4 11. Nef4 Ne7 12. Nxf6+ Rxf6 13. b4 c6 14. Bb2 d5 15.
Qb3 g5 16. Ne2 Qh5 17. f3 Be6 18. c5 Bc7 19. Kf2 f4 20. exf4 gxf4 21. g4 Qh4+
22. Kg1 Bxg4 23. fxg4 f3 24. Ng3 Rh6 25. Rxf3 exf3 0-1

[Event "Frankfurt Ch A 2018"]
[Site "Ffm-Höchst, BiKuZ"]
[Date "2018.05.07"]
[Round "2.25"]
[White "Nehmert, Ulrich"]
[Black "Stoll, Ulrich"]
[Result "1-0"]
[WhiteElo "2149"]
[BlackElo "1701"]
[PlyCount "71"]
[EventDate "2018.??.??"]
[WhiteTeam "Wiesbadener SV"]
[BlackTeam "Bad Vilbeler Sfr"]

1. Nf3 d5 2. g3 Nf6 3. Bg2 g6 4. O-O Bg7 5. c4 c6 6. a4 O-O 7. Na3 Nbd7 8. Rb1
e5 9. d3 e4 10. Ne1 exd3 11. Nxd3 dxc4 12. Nxc4 Nb6 13. Nce5 Bf5 14. Qb3 Be6
15. Qc2 Bf5 16. Qb3 Be6 17. Qa3 Nc4 18. Nxc4 Bxc4 19. Rd1 Re8 20. Be3 Qe7 21.
Qxe7 Rxe7 22. Rdc1 Bd5 23. Bf1 b6 24. b4 Ng4 25. Bg5 Ree8 26. Bg2 Rxe2 27. Nf4
Bxg2 28. Nxe2 Bd5 29. Nc3 Be6 30. Be3 Ne5 31. b5 c5 32. a5 Bf5 33. Ra1 Nd3 34.
axb6 Nxc1 35. Rxa7 Bxc3 36. Rxa8+ 1-0

[Event "Frankfurt Ch A 2018"]
[Site "Ffm-Höchst, BiKuZ"]
[Date "2018.05.07"]
[Round "2.26"]
[White "Medvedovski, Michael"]
[Black "Diehl, Stefan"]
[Result "1-0"]
[WhiteElo "2115"]
[BlackElo "1725"]
[PlyCount "61"]
[EventDate "2018.??.??"]
[WhiteTeam "Frankfurter TV"]
[BlackTeam "SC Höchst"]

1. Nf3 Nf6 2. g3 d5 3. Bg2 c6 4. d3 Bf5 5. O-O e6 6. Nbd2 Nbd7 7. c3 Bd6 8. Re1
Qc7 9. e4 Bg4 10. d4 dxe4 11. Nxe4 Nxe4 12. Rxe4 Nf6 13. Re1 O-O-O 14. Qa4 Kb8
15. Ne5 Bf5 16. Nc4 Ka8 17. Nxd6 Qxd6 18. Bf4 Qd7 19. Be5 h5 20. h3 Ne8 21.
Rad1 f6 22. Bf4 Nd6 23. Be3 Nc8 24. c4 Nb6 25. Qb3 Qc7 26. a4 g6 27. a5 Nc8 28.
a6 Qb6 29. axb7+ Qxb7 30. Qa3 Qc7 31. d5 1-0

[Event "Frankfurt Ch A 2018"]
[Site "Ffm-Höchst, BiKuZ"]
[Date "2018.05.07"]
[Round "2.29"]
[White "Hinz, André"]
[Black "Bischoff, Ulrich"]
[Result "1-0"]
[WhiteElo "1746"]
[BlackElo "1991"]
[PlyCount "63"]
[EventDate "2018.??.??"]
[WhiteTeam "SC Brett vorm Kopp"]
[BlackTeam "Sfr. Erbach"]

1. c4 e5 2. g3 Nf6 3. Bg2 d5 4. cxd5 Nxd5 5. Nc3 Nb6 6. Nf3 Nc6 7. O-O Be7 8.
a3 O-O 9. b4 Be6 10. d3 f6 11. Be3 a5 12. b5 Nd4 13. Nd2 Nd5 14. Bxd4 exd4 15.
Nxd5 Bxd5 16. Bxd5+ Qxd5 17. Qb3 Rfd8 18. Qc4 Rac8 19. Rfc1 Kf7 20. Nb3 c6 21.
Nxd4 Qxc4 22. Rxc4 cxb5 23. Rxc8 Rxc8 24. Nxb5 a4 25. Ra2 Rc1+ 26. Kg2 Rb1 27.
Nc3 Rb3 28. Nxa4 b5 29. Nb6 Bxa3 30. Nd5 Ke6 31. Nc7+ Kd7 32. Nxb5 1-0

[Event "Frankfurt Ch A 2018"]
[Site "Ffm-Höchst, BiKuZ"]
[Date "2018.05.07"]
[Round "2.30"]
[White "Kuckel, Michael"]
[Black "Kuhn, Gerhard"]
[Result "0-1"]
[WhiteElo "1696"]
[BlackElo "1927"]
[PlyCount "82"]
[EventDate "2018.??.??"]
[WhiteTeam "SC Matt im Park"]
[BlackTeam "SK Marburg"]

1. d4 Nf6 2. Nf3 g6 3. c4 Bg7 4. g3 d5 5. Bg2 O-O 6. Nbd2 Nc6 7. O-O h6 8. b3
e6 9. Bb2 Qe7 10. Ne5 Nxe5 11. dxe5 Nd7 12. Qc2 Nxe5 13. cxd5 exd5 14. Bxd5 c6
15. Bg2 Re8 16. Rae1 Be6 17. e4 Rad8 18. Rd1 Qc7 19. h3 Qb6 20. Nf3 Nxf3+ 21.
Bxf3 Bxh3 22. Rfe1 Be6 23. Bxg7 Kxg7 24. Kg2 Rxd1 25. Rxd1 Rd8 26. Qc3+ Kh7 27.
Rh1 Qd4 28. Qa5 Rd7 29. g4 b6 30. Qa6 Qf6 31. Qa3 Qf4 32. Qc1 Qxc1 33. Rxc1 c5
34. Rc2 Kg7 35. Be2 Kf6 36. f4 Rd4 37. Kf3 g5 38. Bc4 Bxc4 39. fxg5+ hxg5 40.
Rxc4 Rxc4 41. bxc4 Ke5 0-1

[Event "Frankfurt Ch A 2018"]
[Site "Ffm-Höchst, BiKuZ"]
[Date "2018.05.07"]
[Round "2.32"]
[White "Ackermann, Robert"]
[Black "Thomas, Norbert"]
[Result "0-1"]
[WhiteElo "1666"]
[BlackElo "1915"]
[PlyCount "92"]
[EventDate "2018.??.??"]
[WhiteTeam "SC Bad Soden"]
[BlackTeam "SC Frankfurt-West"]

1. Nf3 d6 2. c4 e5 3. Nc3 f5 4. d3 Nf6 5. g3 Be7 6. Bg2 c6 7. O-O Na6 8. a3 O-O
9. b4 Nc7 10. Qc2 Qe8 11. Qb3 Qh5 12. h4 h6 13. Qc2 Ne6 14. b5 f4 15. Ne4 g5
16. Nxf6+ Bxf6 17. hxg5 hxg5 18. Bb2 Bd7 19. Nh2 g4 20. d4 exd4 21. Rad1 Rae8
22. Qd3 Nc5 23. Qd2 Ne4 24. Bxe4 Rxe4 25. gxf4 Rf7 26. Qd3 Rxf4 27. Qg3 Be5 28.
Qg2 cxb5 29. Qxb7 R4f6 30. Qg2 Rf4 31. Bc1 R4f6 32. f4 Bxf4 33. Bxf4 Rxf4 34.
Rxf4 Rxf4 35. cxb5 Bxb5 36. Rc1 Bd7 37. Rc7 Be6 38. Qa8+ Rf8 39. Qxa7 Qe5 40.
Nf1 Qf6 41. Nd2 Qf2+ 42. Kh1 Bd5+ 43. Nf3 Qh4+ 44. Kg1 Qg3+ 45. Kf1 gxf3 46.
Re7 fxe2+ 0-1

[Event "Frankfurt Ch A 2018"]
[Site "Ffm-Höchst, BiKuZ"]
[Date "2018.05.07"]
[Round "2.33"]
[White "John, Volkmar"]
[Black "Vega Lopez de Nava, Cesar Octavio"]
[Result "1/2-1/2"]
[WhiteElo "1611"]
[BlackElo "1901"]
[PlyCount "38"]
[EventDate "2018.??.??"]
[WhiteTeam "SK Herborn"]
[BlackTeam "SC Flörsheim"]

1. c4 Nf6 2. Nc3 e5 3. g3 c6 4. d4 e4 5. Bg2 d5 6. cxd5 cxd5 7. Bg5 Nbd7 8. Nh3
Be7 9. O-O O-O 10. Qb3 Qb6 11. Nxd5 Nxd5 12. Qxd5 Nf6 13. Bxf6 Bxf6 14. Qxe4
Bxd4 15. Rad1 Bxb2 16. Rb1 Qf6 17. Nf4 Bf5 18. Nd5 Bxe4 19. Nxf6+ Bxf6 1/2-1/2

[Event "Frankfurt Ch A 2018"]
[Site "Ffm-Höchst, BiKuZ"]
[Date "2018.05.07"]
[Round "2.34"]
[White "Saluvar, Bülent"]
[Black "Kretner, Georg-Ulrich"]
[Result "0-1"]
[WhiteElo "1600"]
[BlackElo "1850"]
[PlyCount "92"]
[EventDate "2018.??.??"]
[WhiteTeam "SC Münster"]
[BlackTeam "SC Bad Nauheim"]

1. d4 g6 2. e4 Bg7 3. Be2 d6 4. f4 Nf6 5. Nc3 O-O 6. Nf3 c5 7. d5 b5 8. e5 dxe5
9. fxe5 Ng4 10. Bxb5 Nxe5 11. Nxe5 Bxe5 12. O-O Bg7 13. Be3 Qb6 14. a4 a6 15.
a5 Qb7 16. Bd3 Qxb2 17. Ne4 Qxa1 18. Qxa1 Bxa1 19. Rxa1 Bb7 20. c4 Nd7 21. Nxc5
Nxc5 22. Bxc5 Rfe8 23. Rb1 Bc8 24. Rb4 Bf5 25. Bxf5 gxf5 26. Bb6 f6 27. c5 Kf7
28. c6 Rg8 29. c7 Rg4 30. Bd4 Rc8 31. Rc4 Ke8 32. h3 Re4 33. Rb4 Kd7 34. Kf2
Rxc7 35. Kf3 Kd6 36. Rb6+ Kxd5 37. Bxf6 Rc6 38. Rxc6 Kxc6 39. Bg5 Kd5 40. g4
fxg4+ 41. hxg4 e5 42. Bd8 Rf4+ 43. Kg3 Rf7 44. g5 e4 45. Bb6 Kc4 46. Bd8 Kd3
0-1

[Event "Frankfurt Ch A 2018"]
[Site "Ffm-Höchst, BiKuZ"]
[Date "2018.05.07"]
[Round "2.36"]
[White "Henrich, David"]
[Black "Lopez, Victor"]
[Result "1-0"]
[WhiteElo "2079"]
[BlackElo "1586"]
[PlyCount "85"]
[EventDate "2018.??.??"]
[WhiteTeam "Frankfurter TV"]
[BlackTeam "SC Höchst"]

1. c4 c5 2. Nc3 Nc6 3. g3 Nf6 4. Bg2 e5 5. e3 Be7 6. Nge2 d6 7. a3 a5 8. Qb3
O-O 9. O-O Qd7 10. Na4 Bd8 11. Rd1 Qc7 12. d4 cxd4 13. exd4 Rb8 14. d5 Ne7 15.
c5 Nd7 16. Nec3 b5 17. Nxb5 Nxc5 18. Nxc5 Qxc5 19. a4 Qb6 20. Be3 Qa6 21. Rac1
Bd7 22. Bf1 Bxb5 23. axb5 Qb7 24. Qa3 Nxd5 25. Bg2 Qxb5 26. Rxd5 Qxb2 27. Qxd6
Rb3 28. Qxd8 Rxe3 29. Rc8 Re1+ 30. Bf1 Rxf1+ 31. Kxf1 Qb1+ 32. Ke2 Qe4+ 33. Kd2
Qb4+ 34. Rc3 a4 35. Qa5 Qe4 36. Rd8 g6 37. Re3 Qg2 38. Rxf8+ Kxf8 39. Qxe5 Kg8
40. Qf6 Qd5+ 41. Rd3 Qa5+ 42. Kd1 Qh5+ 43. f3 1-0

[Event "Frankfurt Ch A 2018"]
[Site "Ffm-Höchst, BiKuZ"]
[Date "2018.05.07"]
[Round "2.37"]
[White "Schlumbohm, Nils"]
[Black "Kautz, Thomas"]
[Result "1/2-1/2"]
[WhiteElo "1581"]
[BlackElo "1763"]
[PlyCount "41"]
[EventDate "2018.??.??"]
[WhiteTeam "Berkershm"]
[BlackTeam "SK Niederbrechen"]

1. d4 g6 2. c4 Nf6 3. Nc3 Bg7 4. e4 d6 5. f3 O-O 6. Bd3 e5 7. Nge2 Nc6 8. d5
Ne7 9. Be3 Ne8 10. O-O f5 11. Rc1 Nf6 12. c5 fxe4 13. Bxe4 Nf5 14. Bxf5 Bxf5
15. Ng3 Bd7 16. cxd6 cxd6 17. Nge4 Bf5 18. Qb3 Rf7 19. Rfd1 Bxe4 20. Nxe4 Nxe4
21. fxe4 1/2-1/2

[Event "Frankfurt Ch A 2018"]
[Site "Ffm-Höchst, BiKuZ"]
[Date "2018.05.07"]
[Round "2.38"]
[White "Worzelberger, Armin"]
[Black "Bär, Christian"]
[Result "1-0"]
[WhiteElo "1762"]
[BlackElo "1544"]
[PlyCount "34"]
[EventDate "2018.??.??"]
[WhiteTeam "SC Brett vorm Kopp"]
[BlackTeam "SC Steinbach"]

1. e4 e5 2. Bc4 Nc6 3. Qh5 Qe7 4. Nc3 Nf6 5. Qd1 d6 6. Nge2 g6 7. O-O Na5 8.
Bd5 c6 9. Bb3 Bg7 10. d4 Nxb3 11. axb3 exd4 12. Nxd4 O-O 13. Bg5 Qc7 14. Re1
Be6 15. h3 Nd7 16. Be7 Rfe8 17. Nxe6 Rxe7 1-0